| 000 | 00885pam a2200289 a 4500 | ||
|---|---|---|---|
| 001 | 4787563 | ||
| 003 | NUST - PNEC | ||
| 005 | 20170116180956.0 | ||
| 008 | 871023s1988 nyua b 001 0 eng | ||
| 010 | _a 87030552 | ||
| 020 | _a0134682165 | ||
| 040 | _cLIBRARY | ||
| 050 | 0 | 0 |
_aTA165 _b.B35 1988 |
| 082 | 0 | 0 | _a629.895 BAR |
| 100 | 1 |
_aBarney, G. C. _q(Gina Carol), _d1935- |
|
| 245 | 1 | 0 |
_aIntelligent instrumentation _bmicroprocessor applications in measurement and control / _cGeorge C. Barney. |
| 250 | _a2nd ed. | ||
| 260 |
_aNew York : _bPrentice Hall, _c1988. |
||
| 300 |
_axx, 467 p. : _bill. ; _c25 cm. |
||
| 500 | _aIncludes index. | ||
| 504 | _aBibliography: p. 457-458. | ||
| 650 | 0 | _aEngineering instruments. | |
| 650 | 0 |
_aAutomatic control. _xME, EL |
|
| 650 | 0 | _aMicroprocessors. | |
| 906 |
_a7 _bcbc _corignew _d1 _eocip _f19 _gy-gencatlg |
||
| 942 |
_2ddc _cBK |
||
| 999 |
_c66555 _d66555 |
||